000 00324nam a2200133Ia 4500
005 20251222155114.0
008 251222s9999||||xx |||||||||||||| ||spa||
082 _aETI.73.3
100 _aInstituto San Camilo.
245 0 _aEtica profesional de la enfermerĂ­a
250 _aPerĂș. ed.
264 _bNo tiene
942 _cLIB
999 _c38167
_d38167